Stati e Iniziali delle Capitali - Quiz n°11 - Statistics

Statistiche generali
  • Questo quiz è stato fatto 13 volte
  • Il punteggio medio è 9 su 10
Statistiche sulle risposte
Hint Risposta % Corretto
Kenya N
100%
Cile S
100%
Albania T
100%
Azerbaigian B
92%
Siria D
92%
Senegal D
92%
Iran T
92%
Capo Verde P
83%
Guinea Equatoriale M
67%
Honduras T
67%
Nessun quiz corrispondente trovato
Distribuzione punteggi
Percentuale di utenti per punteggio
Percentile per numero di risposta
I tuoi punteggi nel tempo
Non hai fatto questo quiz